Album rap français #7 - Statistiques

Statistiques générales
  • Ce quiz a été pris 71 fois
  • Le résultat moyen est 14 sur 16
Statistiques - réponses
Par images Réponse % Correct
Kalash
98%
Soolking
98%
Mister V
97%
Zaho
97%
Dadju
95%
Franglish
95%
Hamza
95%
Hatik
93%
Lartiste
93%
Vegedream
92%
Lynda
90%
RK
86%
Ridsa
85%
Tenny
85%
Tayc
68%
Abou Tall
63%
Aucun quiz correspondant
Distribution des résultats
% des personnes avec chaque résultat
Percentile par nombre de réponses
Votre historique - résultats
Vous n’avez pas pris ce quiz